Statistics for U.S. States and Mexican States that Border Texas

Click here to take the quiz!

General Stats

  • This quiz has been taken 50 times
  • The average score is 6 of 8

Answer Stats

Answer% Correct
U.S. StatesNew Mexico
95%
U.S. StatesOklahoma
89%
U.S. StatesArkansas
84%
U.S. StatesLouisiana
81%
Mexican StatesChihuahua
70%
Mexican StatesNuevo Leon
54%
Mexican StatesCoahuila
51%
Mexican StatesTamaulipas
46%

Score Distribution

Percentile by Number Answered

Percent of People with Each Score

Your Score History

You have not taken this quiz